000 00333nam a2200133 4500
999 _c9601
_d9601
003 OSt
005 20210705121124.0
008 210705b ||||| |||| 00| 0 eng d
020 _a9780750685504
082 _a721.04
_bCHA
100 _a Charleson, Andrew
245 _aSeismic design for architects : outwitting the quake
942 _2ddc